Business and industrial laws (Record no. 938)

MARC details
000 -LEADER
fixed length control field 00694 a2200193 4500
010 ## - LIBRARY OF CONGRESS CONTROL NUMBER
LC control number ENG-85037
020 ## - INTERNATIONAL STANDARD BOOK NUMBER
International Standard Book Number 818054446X
Terms of availability 100.00
035 ## - SYSTEM CONTROL NUMBER
System control number EN-68570
037 ## - SOURCE OF ACQUISITION
Source of stock number/acquisition D.B.Act / Pub
082 14 - DEWEY DECIMAL CLASSIFICATION NUMBER
Classification number 347.7
090 ## - LOCALLY ASSIGNED LC-TYPE CALL NUMBER (OCLC); LOCAL CALL NUMBER (OCLC)
-- 945
-- 945
100 1# - MAIN ENTRY--PERSONAL NAME
Personal name Kapoor, N. D.
245 1# - TITLE STATEMENT
Title Business and industrial laws
Remainder of title for B.Com course of University of Delhi and other equivalent courses
Statement of responsibility, etc by N. D. Kapoor
260 ## - PUBLICATION, DISTRIBUTION, ETC. (IMPRINT)
Place of publication, distribution, etc New Delhi
Name of publisher, distributor, etc Sultan Chand and Sons
Date of publication, distribution, etc 2006
270 ## - ADDRESS
Address 23, Darya Ganj,
City New Delhi
State or province Delhi
Postal code 110002
Telephone number 23266105
Fax number 23266357
300 ## - PHYSICAL DESCRIPTION
Extent various pagings
Dimensions 22 cm (Pbk)
942 ## - ADDED ENTRY ELEMENTS (KOHA)
Institution code [OBSOLETE] dpl
Koha item type English Books
Call number prefix 347.7 / KAP
Holdings
Withdrawn status Lost status Source of classification or shelving scheme Damaged status Not for loan Collection code Home library Current library Source of acquisition Cost, normal purchase price Total Checkouts Full call number Barcode Date last seen Copy number Uniform Resource Identifier Cost, replacement price Price effective from Koha item type Shelving location Date acquired
    Dewey Decimal Classification   Not For Loan Non-fiction D.B.Act.Division D.B.Act.Division DBAD/PUB 100.00   347.7 KAP EN-68570 15/09/2008 1 1000 100.00 15/09/2008 English Books    
    Dewey Decimal Classification   Ordered Non-fiction Sarojini Nagar Sarojini Nagar       347.7 KAP B-108858 25/01/2017 1   100.00 25/01/2017 English Books On Display 25/01/2017

© Delhi Public Library
Hit Counter
free hit counter